| 000 | 00885cam a2200289 4500 | ||
|---|---|---|---|
| 001 | ABS61942 | ||
| 008 | 000000n2000 000 0 eng u | ||
| 035 | _a(Sirsi) u104299 | ||
| 110 |
_aCitex _93836 |
||
| 245 | _aWhole-life cost model | ||
| 260 | _c2000 | ||
| 490 |
_aBuilding _v265(8121) 28 January 2000 64-69(5) |
||
| 520 | _aDetails the use of PFI for building and refurbishing schools. Includes case studies containing costings and specifications. | ||
| 590 | _aABS | ||
| 650 | _aCAREERS, EDUCATION AND TRAINING | ||
| 650 | _aLOCAL AUTHORITIES | ||
| 650 | _aNEW BUILD | ||
| 650 | _aBUILT ENVIRONMENT-BUILDING MAINTENANCE AND REFURBISHMENT | ||
| 650 |
_aFACILITIES MANAGEMENT _96240 |
||
| 650 | _aPFI | ||
| 650 | _aEDUCATION SECTOR | ||
| 650 | _aSCHOOLS | ||
| 650 | _aCONSTRUCTION COSTS | ||
| 650 | _aOCCUPANCY COSTS | ||
| 690 | _aFINANCE-PFI | ||
| 942 | _n0 | ||
| 999 |
_c62578 _d62578 |
||